000 01090nam a2200301 i 4500
001 10138
003 ES-MaACL
005 20240305170911.0
007 t|
008 950310s1994 sp ||||1| spa d
020 _a84-88533-09-8
080 _a35(46)
080 _a614(46)
100 1 _aBarea Tejeiro, José.
_925607
245 1 3 _aEl Problema de la eficacia del sector público en España
_b: especial consideración de la sanidad /
_cJosé Barea Tejeiro, Antonio Gómez Ciria ; prólogo de Jerónimo Saavedra Acevedo.
260 _aMadrid :
_bInstituto de Estudios Económicos,
_cD.L. 1994.
300 _a264 p. ;
_c24 cm.
490 1 _aColección Estudios
504 _aBibliografía: p.[261]-264.
650 _aEspaña-
_xAdministración.
_9196077
650 1 4 _aSalud pública-
_zEspaña.
_916974
700 1 _aGómez Ciria, Antonio.
_957872
700 1 _aSaavedra Acevedo, Jerónimo.
_9101137
710 2 _aInsituto de Estudios Econmicos (Madrid)
_94704
830 0 _aColección estudios
_9178843
852 _aES-MaACL
_jL-17693
_bR.123213
999 _c10138
_d10138